[Event "Helsinki MatSK op"]
[Site "Helsinki"]
[Date "2020.02.23"]
[Round "6"]
[White "Aalto, Patrik"]
[Black "Ertbjerg, Per"]
[Result "1-0"]
[WhiteElo "2080"]
[BlackElo "2052"]
[PlyCount "113"]
[EventDate "2020.02.21"]
[EventType "swiss"]
[EventRounds "7"]
[EventCountry "FIN"]
[SourceTitle "CBM 195 Extra"]
[Source "ChessBase"]
[SourceDate "2020.05.31"]
[SourceVersion "1"]
[SourceVersionDate "2020.05.31"]
[SourceQuality "1"]

1. e4 c5 2. c3 Nf6 3. e5 Nd5 4. d4 cxd4 5. cxd4 Nc6 6. Nc3 e6 7. Bc4 d6 8. exd6 Qxd6 9. Nf3 Be7 10. 0-0 0-0 11. Re1 Rd8 12. Nxd5 exd5 13. Be2 Bf5 14. Bd3 Bg4 15. Be3 Bf6 16. Be2 Qb4 17. Qb3 Qxb3 18. axb3 Bxf3 19. Bxf3 Bxd4 20. Rad1 Bxe3 21. fxe3 Nb4 22. Re2 Rd7 23. Rd4 a5 24. e4 Re8 25. Red2 g6 26. exd5 Rd6 27. Kf2 f5 28. Rc4 Re7 29. Rc5 b6 30. Rc4 Kf7 31. Rcd4 Kf6 32. Rd1 Re5 33. R4d2 g5 34. g3 g4 35. Bg2 h5 36. Rd4 Kg5 37. R1d2 Re7 38. h3 gxh3 39. Bxh3 Re4 40. Bg2 Rxd4 41. Rxd4 Kf6 42. Rh4 Nxd5 43. Rxh5 Ke5 44. g4 Ne7 45. Ke3 Rg6 46. Bf3 Kf6 47. gxf5 Nxf5+ 48. Rxf5+ Kxf5 49. Be4+ Kf6 50. Bxg6 Kxg6 51. Kd4 Kf6 52. Kc4 Ke6 53. Kb5 Kd7 54. Kxb6 Kc8 55. Kxa5 Kb7 56. Kb5 Kb8 57. Kb6 1-0

[Event "Helsinki MatSK op"]
[Site "Helsinki"]
[Date "2020.02.22"]
[Round "4"]
[White "Oksanen, Timo"]
[Black "Ertbjerg, Per"]
[Result "1/2-1/2"]
[WhiteElo "1905"]
[BlackElo "2052"]
[PlyCount "55"]
[EventDate "2020.02.21"]
[EventType "swiss"]
[EventRounds "7"]
[EventCountry "FIN"]
[SourceTitle "CBM 195 Extra"]
[Source "ChessBase"]
[SourceDate "2020.05.31"]
[SourceVersion "1"]
[SourceVersionDate "2020.05.31"]
[SourceQuality "1"]

1. e4 c5 2. Nf3 d6 3. d4 cxd4 4. Nxd4 a6 5. c4 Nf6 6. Nc3 g6 7. Be2 Bg7 8. Be3 0-0 9. 0-0 Nbd7 10. Qd2 Re8 11. f3 Nc5 12. Rfd1 Bd7 13. Rac1 Rc8 14. Nc2 Na4 15. Nxa4 Bxa4 16. b3 Bc6 17. Nb4 Qd7 18. Nd5 Bxd5 19. cxd5 Rxc1 20. Rxc1 Rc8 21. Rxc8+ Qxc8 22. Qc1 Qxc1+ 23. Bxc1 Nd7 24. Kf2 Bd4+ 25. Ke1 Kg7 26. Kd2 Kf6 27. Kd3 Bg1 28. Bf1 1/2-1/2

[Event "Helsinki MatSK op"]
[Site "Helsinki"]
[Date "2020.02.21"]
[Round "2"]
[White "Keinanen, Toivo"]
[Black "Ertbjerg, Per"]
[Result "1-0"]
[WhiteElo "2462"]
[BlackElo "2052"]
[PlyCount "85"]
[EventDate "2020.02.21"]
[EventType "swiss"]
[EventRounds "7"]
[EventCountry "FIN"]
[SourceTitle "CBM 195 Extra"]
[Source "ChessBase"]
[SourceDate "2020.05.31"]
[SourceVersion "1"]
[SourceVersionDate "2020.05.31"]
[SourceQuality "1"]

1. c4 Nf6 2. Nc3 g6 3. e4 d6 4. d4 Bg7 5. Nf3 0-0 6. h3 c5 7. dxc5 dxc5 8. Qxd8 Rxd8 9. e5 Ne8 10. Bg5 f6 11. Be3 b6 12. Nd5 Nc6 13. 0-0-0 Be6 14. Be2 fxe5 15. Ng5 Bxd5 16. cxd5 Nd4 17. Bg4 Nc7 18. Kb1 Rd6 19. Bxd4 exd4 20. Rhe1 Bf6 21. Ne4 Rxd5 22. Nxf6+ exf6 23. Re7 f5 24. Bf3 Rc8 25. Rxc7 Rxc7 26. Bxd5+ Kg7 27. Bc4 Re7 28. Kc2 Kf6 29. Kd2 g5 30. Bd3 h5 31. g3 a5 32. a4 Re5 33. b3 Ke6 34. f4 Re3 35. Re1 Rxe1 36. Kxe1 Kf6 37. Kf2 g4 38. h4 Ke6 39. Ke2 Kf6 40. Bb5 Ke7 41. Kd3 Kd8 42. Kc4 Ke7 43. Kd5 1-0

[Event "Helsinki Ristoja 70 Years"]
[Site "Helsinki"]
[Date "2019.11.17"]
[Round "5"]
[White "Lehtinen, Helja"]
[Black "Ertbjerg, Per"]
[Result "0-1"]
[WhiteElo "1826"]
[BlackElo "2014"]
[PlyCount "100"]
[EventDate "2019.11.15"]
[EventType "swiss"]
[EventRounds "5"]
[EventCountry "FIN"]
[SourceTitle "EXT 2021"]
[Source "ChessBase"]
[SourceDate "2020.10.23"]
[SourceVersion "1"]
[SourceVersionDate "2020.10.23"]
[SourceQuality "1"]

1. d4 Nf6 2. c4 g6 3. Nc3 d5 4. Nf3 Bg7 5. Bg5 Ne4 6. Bf4 Nxc3 7. bxc3 c5 8. e3 0-0 9. Be2 dxc4 10. Bxc4 Qa5 11. Qb3 cxd4 12. exd4 Nc6 13. 0-0 Qf5 14. Bg3 Na5 15. Qb4 Nxc4 16. Qxc4 b6 17. Qc6 Ba6 18. Rfe1 e6 19. Ne5 Rfc8 20. Qa4 Bb7 21. Rac1 Bh6 22. f4 Rc7 23. Qc2 Qxc2 24. Rxc2 Rac8 25. Re3 b5 26. h3 Bd5 27. a3 Bf8 28. Ng4 Bb3 29. Rc1 Bxa3 30. Ra1 Bd6 31. Ra6 Be7 32. Be1 Kg7 33. Ne5 f6 34. Nd3 Bc4 35. Ra1 Bd6 36. g3 h5 37. h4 Kf7 38. Nb2 Bd5 39. Nd3 Rb7 40. Nb4 Bc4 41. Ra6 Rd7 42. Kf2 Rcc7 43. Nd3 b4 44. Ra1 b3 45. Nb2 Bd5 46. Bd2 e5 47. Ra5 exf4 48. gxf4 Bxf4 49. Re2 Bxd2 50. Rxd2 Rxc3 0-1

[Event "Helsinki Lautt SK op"]
[Site "Helsinki"]
[Date "2019.10.06"]
[Round "3"]
[White "Tuovinen, Jukka"]
[Black "Ertbjerg, Per"]
[Result "0-1"]
[WhiteElo "1993"]
[BlackElo "2092"]
[PlyCount "120"]
[EventDate "2019.10.05"]
[EventType "swiss"]
[EventRounds "4"]
[EventCountry "FIN"]
[SourceTitle "EXT 2021"]
[Source "ChessBase"]
[SourceDate "2020.10.23"]
[SourceVersion "1"]
[SourceVersionDate "2020.10.23"]
[SourceQuality "1"]

1. e4 c5 2. Nf3 d6 3. Bb5+ Bd7 4. Bxd7+ Nxd7 5. c4 g6 6. 0-0 Bg7 7. Nc3 Ngf6 8. d3 0-0 9. h3 Re8 10. Be3 Nf8 11. Rc1 N6d7 12. Qc2 a6 13. b3 Qa5 14. Bd2 Ne6 15. Nd5 Qd8 16. Be3 b5 17. Qd2 Nb6 18. Qa5 Nxd5 19. Qxd8 Nxd8 20. exd5 e6 21. dxe6 Nxe6 22. Rfd1 f5 23. g3 f4 24. gxf4 Rf8 25. Ng5 Nxf4 26. Bxf4 Rxf4 27. Ne4 Bd4 28. Rd2 Rd8 29. Kg2 d5 30. cxd5 Rxd5 31. a4 b4 32. Rdc2 Rdf5 33. Rf1 Kf8 34. f3 Ke7 35. Re2 Kd7 36. Rc2 Kc6 37. Kg3 Kd5 38. Rc4 Be3 39. Kg2 h6 40. Kg3 h5 41. h4 Bd4 42. Ng5 Be5 43. Kg2 Bf6 44. Ne4 Bd4 45. Kg3 Be3 46. Ng5 Rxc4 47. dxc4+ Kd4 48. Ne4 Kd3 49. Re1 Bf4+ 50. Kg2 Kc2 51. Nf2 Re5 52. Ne4 Kxb3 53. Rd1 Kxc4 54. a5 b3 55. Nf2 Re2 56. Kf1 Rc2 57. Nd3 Be3 58. Ne5+ Kb4 59. Nd3+ Kc3 60. Ne1 Rf2+ 0-1

[Event "Helsinki MatSK op"]
[Site "Helsinki"]
[Date "2019.02.24"]
[Round "6"]
[White "Ertbjerg, Per"]
[Black "Aalto, Patrik"]
[Result "1/2-1/2"]
[WhiteElo "1988"]
[BlackElo "1985"]
[PlyCount "94"]
[EventDate "2019.02.22"]
[EventType "swiss"]
[EventRounds "7"]
[EventCountry "FIN"]
[SourceTitle "CBM 189 Extra"]
[Source "ChessBase"]
[SourceDate "2019.06.03"]
[SourceVersion "1"]
[SourceVersionDate "2019.06.03"]
[SourceQuality "1"]

1. Nf3 d5 2. c4 d4 3. d3 Nc6 4. g3 e5 5. Bg2 Nf6 6. 0-0 a5 7. e3 Be7 8. exd4 exd4 9. Re1 0-0 10. Bf4 Bd6 11. Bxd6 Qxd6 12. Na3 Bf5 13. Nb5 Qd7 14. Qd2 Rfe8 15. Rad1 Rxe1+ 16. Rxe1 Re8 17. Rxe8+ Nxe8 18. Qe2 Qe6 19. Qxe6 fxe6 20. Nfxd4 Nxd4 21. Nxd4 Bxd3 22. Bxb7 Bxc4 23. a3 Nd6 24. Bc6 Kf7 25. Ba4 Bd5 26. b4 axb4 27. axb4 e5 28. Nb5 Nxb5 29. Bxb5 Ke6 30. Kf1 Bf3 31. Ke1 Kd5 32. Kd2 Kd4 33. h4 h6 34. Ba6 g5 35. hxg5 hxg5 36. Bb5 Bd5 37. Be2 Bc4 38. Bg4 Bb5 39. Be6 Ba6 40. Bb3 Bc4 41. Bd1 Bb5 42. Bb3 Ke4 43. Bd1 Kd4 44. Bb3 Bf1 45. Be6 Bc4 46. Bg4 Bd5 47. Be2 Bc4 1/2-1/2

[Event "Helsinki MatSK op"]
[Site "Helsinki"]
[Date "2019.02.24"]
[Round "7"]
[White "Wartiovaara, Oliver"]
[Black "Ertbjerg, Per"]
[Result "1-0"]
[WhiteElo "2021"]
[BlackElo "1988"]
[PlyCount "75"]
[EventDate "2019.02.22"]
[EventType "swiss"]
[EventRounds "7"]
[EventCountry "FIN"]
[SourceTitle "CBM 189 Extra"]
[Source "ChessBase"]
[SourceDate "2019.06.03"]
[SourceVersion "1"]
[SourceVersionDate "2019.06.03"]
[SourceQuality "1"]

1. e4 c5 2. Nf3 Nc6 3. d4 cxd4 4. Nxd4 Nf6 5. Nc3 e5 6. Ndb5 d6 7. Bg5 a6 8. Na3 b5 9. Nd5 Be7 10. Bxf6 Bxf6 11. c3 Bg5 12. Nc2 f5 13. h4 Bh6 14. Qh5+ Kf8 15. exf5 Ne7 16. Nxe7 Qxe7 17. g4 Bf4 18. Bg2 Bb7 19. 0-0 Bxg2 20. Kxg2 g6 21. fxg6 Kg7 22. g5 hxg6 23. Qg4 Rh5 24. Ne3 Bxg5 25. Qxh5 gxh5 26. Nf5+ Kg6 27. Nxe7+ Bxe7 28. Kh3 Kf5 29. a4 Rc8 30. axb5 axb5 31. Ra7 Ke6 32. Rb7 Rc5 33. f4 e4 34. Re1 d5 35. Rg1 Bf6 36. Rg6 Kf5 37. Rh6 Bxc3 38. Rf7+ 1-0

[Event "Helsinki MatSK op"]
[Site "Helsinki"]
[Date "2019.02.23"]
[Round "4"]
[White "Ertbjerg, Per"]
[Black "Lallukka, Taneli"]
[Result "1-0"]
[WhiteElo "1988"]
[BlackElo "1878"]
[PlyCount "71"]
[EventDate "2019.02.22"]
[EventType "swiss"]
[EventRounds "7"]
[EventCountry "FIN"]
[SourceTitle "CBM 189 Extra"]
[Source "ChessBase"]
[SourceDate "2019.06.03"]
[SourceVersion "1"]
[SourceVersionDate "2019.06.03"]
[SourceQuality "1"]

1. Nf3 Nf6 2. c4 e6 3. g3 b6 4. Bg2 Bb7 5. 0-0 Be7 6. Nc3 0-0 7. b3 d6 8. Bb2 Ne4 9. Qc2 Nxc3 10. Bxc3 f5 11. Rfe1 Qd7 12. Rad1 c5 13. d4 cxd4 14. Bxd4 Nc6 15. Bc3 Rad8 16. e4 fxe4 17. Qxe4 Bf6 18. Bxf6 Rxf6 19. Ng5 g6 20. Qh4 Qe7 21. Nxh7 Rf5 22. Qxe7 Nxe7 23. Bxb7 Kxh7 24. Rxe6 Rd7 25. Be4 Ra5 26. Rexd6 Rxd6 27. Rxd6 Nf5 28. Bxf5 gxf5 29. Rd2 Kg6 30. f4 Rc5 31. Rd6+ Kh5 32. Rd5 Rc7 33. Rxf5+ Kg4 34. Rd5 Re7 35. Kf2 Rh7 36. Kg2 1-0

[Event "Helsinki MatSK op"]
[Site "Helsinki"]
[Date "2019.02.22"]
[Round "1"]
[White "Ertbjerg, Per"]
[Black "Koskinen, Hannu E"]
[Result "1-0"]
[WhiteElo "1988"]
[BlackElo "1888"]
[PlyCount "65"]
[EventDate "2019.02.22"]
[EventType "swiss"]
[EventRounds "7"]
[EventCountry "FIN"]
[SourceTitle "CBM 189 Extra"]
[Source "ChessBase"]
[SourceDate "2019.06.03"]
[SourceVersion "1"]
[SourceVersionDate "2019.06.03"]
[SourceQuality "1"]

1. d4 Nf6 2. c4 g6 3. Nc3 Bg7 4. e4 d6 5. Bg5 0-0 6. f4 c5 7. d5 Qa5 8. Qd2 Re8 9. Bd3 Nbd7 10. Nf3 Nf8 11. 0-0 h6 12. Bh4 Bg4 13. Rae1 Bxf3 14. Rxf3 N6h7 15. e5 dxe5 16. fxe5 g5 17. Bg3 Qd8 18. Bc2 Nd7 19. Qd3 Nhf8 20. Qf5 f6 21. e6 Nb6 22. b3 Nc8 23. Nb5 Nd6 24. Nxd6 exd6 25. h4 Qe7 26. hxg5 hxg5 27. Kf2 Rac8 28. Rh1 Rc7 29. Kf1 Nxe6 30. Re3 Nd4 31. Qh7+ Kf8 32. Rxe7 Rcxe7 33. Bg6 1-0

[Event "Helsinki LauttSSK op"]
[Site "Helsinki"]
[Date "2018.10.20"]
[Round "2"]
[White "Sipila, Markku"]
[Black "Ertbjerg, Per"]
[Result "0-1"]
[WhiteElo "2038"]
[BlackElo "1983"]
[PlyCount "116"]
[EventDate "2018.10.20"]
[EventType "swiss"]
[EventRounds "4"]
[EventCountry "FIN"]
[SourceTitle "EXT 2021"]
[Source "ChessBase"]
[SourceDate "2020.10.23"]
[SourceVersion "1"]
[SourceVersionDate "2020.10.23"]
[SourceQuality "1"]

1. d4 Nf6 2. c4 g6 3. Nc3 d5 4. Nf3 Bg7 5. Qb3 dxc4 6. Qxc4 0-0 7. e4 Nc6 8. h3 Nd7 9. Be3 Nb6 10. Qc5 Nd7 11. Qc4 Nb6 12. Qc5 Nd7 13. Qc4 Nb6 14. Qd3 e5 15. d5 Ne7 16. Rd1 f5 17. d6 cxd6 18. Qxd6 Qxd6 19. Rxd6 fxe4 20. Bxb6 exf3 21. Bc5 b6 22. Ba3 Nf5 23. Rd1 Re8 24. gxf3 Nd4 25. Bd3 Nxf3+ 26. Kf1 Bb7 27. Bc4+ Kh8 28. Bd5 Bxd5 29. Rxd5 Rad8 30. Rxd8 Rxd8 31. Kg2 Nh4+ 32. Kh2 Rd2 33. Ne4 Rd4 34. Rc1 h6 35. Nd6 Rf4 36. Rc8+ Kh7 37. Rc7 Nf5 38. Ne8 Kg8 39. Rxa7 Rxf2+ 40. Kg1 Rf3 41. Rb7 e4 42. Nxg7 Nxg7 43. Rxb6 Kh7 44. Kg2 g5 45. Bc5 Nh5 46. Rb7+ Kg6 47. Rb6+ Kf5 48. Rxh6 Nf4+ 49. Kh2 e3 50. Rh8 e2 51. Rf8+ Ke4 52. Re8+ Kd3 53. Bb4 Rxh3+ 54. Kg1 g4 55. Ba5 Rg3+ 56. Kh1 Rf3 57. Rd8+ Kc2 58. Re8 g3 0-1

[Event "Helsinki HSL Summer op"]
[Site "Helsinki"]
[Date "2018.07.01"]
[Round "3"]
[White "Ertbjerg, Per"]
[Black "Lahdelma, Henri"]
[Result "0-1"]
[WhiteElo "2049"]
[BlackElo "2139"]
[PlyCount "56"]
[EventDate "2018.06.30"]
[EventType "swiss"]
[EventRounds "4"]
[EventCountry "FIN"]
[SourceTitle "EXT 2021"]
[Source "ChessBase"]
[SourceDate "2020.10.23"]
[SourceVersion "1"]
[SourceVersionDate "2020.10.23"]
[SourceQuality "1"]

1. Nf3 d5 2. d4 Nf6 3. c4 e6 4. Nc3 c6 5. Bg5 dxc4 6. e4 b5 7. e5 h6 8. Bh4 g5 9. Nxg5 hxg5 10. Bxg5 Nbd7 11. exf6 Bb7 12. Be2 Qb6 13. a4 0-0-0 14. Bf3 Ne5 15. Be3 Nxf3+ 16. Qxf3 c5 17. dxc5 Bxc5 18. Bxc5 Qxc5 19. Qe3 Qxe3+ 20. fxe3 b4 21. Nb5 Bxg2 22. Rg1 Rxh2 23. Nxa7+ Kb7 24. Nb5 Rd3 25. Kf2 Bc6+ 26. Kg3 Rxb2 27. Kf4 Rf2+ 28. Ke5 Rf5# 0-1

[Event "Helsinki HSL Summer op"]
[Site "Helsinki"]
[Date "2018.06.30"]
[Round "1"]
[White "Elomaa, Arto"]
[Black "Ertbjerg, Per"]
[Result "1/2-1/2"]
[WhiteElo "2156"]
[BlackElo "2049"]
[PlyCount "60"]
[EventDate "2018.06.30"]
[EventType "swiss"]
[EventRounds "4"]
[EventCountry "FIN"]
[SourceTitle "EXT 2021"]
[Source "ChessBase"]
[SourceDate "2020.10.23"]
[SourceVersion "1"]
[SourceVersionDate "2020.10.23"]
[SourceQuality "1"]

1. d4 Nf6 2. c4 g6 3. Nc3 d5 4. Bf4 Bg7 5. e3 0-0 6. Rc1 c6 7. Nf3 Bg4 8. h3 Bf5 9. Qb3 Qb6 10. g4 Be6 11. c5 Qxb3 12. axb3 a5 13. Ra1 h5 14. g5 Nfd7 15. b4 Na6 16. bxa5 Bf5 17. Kd2 Rfe8 18. Bxa6 Rxa6 19. Ne5 Nf8 20. f3 Ne6 21. Ne2 f6 22. gxf6 exf6 23. Nd3 h4 24. Nb4 Raa8 25. Bd6 Ng5 26. Ng1 Nf7 27. Bf4 g5 28. Bh2 Re6 29. a6 bxa6 30. Rxa6 Rae8 1/2-1/2

[Event "Helsinki We HSK kesaturnaus A"]
[Site "Helsinki"]
[Date "2018.05.27"]
[Round "5"]
[White "Ertbjerg, Per"]
[Black "Koskinen, Hannu E"]
[Result "1-0"]
[WhiteElo "1983"]
[BlackElo "1912"]
[PlyCount "75"]
[EventDate "2018.05.25"]
[EventType "swiss"]
[EventRounds "5"]
[EventCountry "FIN"]
[SourceTitle "EXT 2022"]
[Source "ChessBase"]
[SourceDate "2021.10.06"]
[SourceVersion "1"]
[SourceVersionDate "2021.10.06"]
[SourceQuality "1"]

1. d4 Nf6 2. c4 g6 3. Nc3 Bg7 4. e4 d6 5. Bg5 0-0 6. f4 c5 7. d5 a6 8. a4 b6 9. Bd3 Qc7 10. Nf3 Nbd7 11. 0-0 h6 12. Bh4 Bb7 13. Qd2 Rae8 14. Rae1 Nh7 15. Bg3 e5 16. dxe6 fxe6 17. e5 Bxf3 18. exd6 Qxd6 19. Rxf3 Bd4+ 20. Kh1 Kg7 21. Qc2 e5 22. f5 g5 23. Nd5 Nhf6 24. Nxf6 Nxf6 25. h3 Nh5 26. Bh2 Nf4 27. Be4 Kf6 28. Rd1 Rg8 29. Rb3 Rb8 30. Rd2 Qc7 31. Qd1 Qg7 32. Qe1 h5 33. Rg3 Ke7 34. Qf1 Qf6 35. Rb3 g4 36. Bxf4 exf4 37. Qxf4 gxh3 38. Qc7+ 1-0

[Event "Helsinki We HSK kesaturnaus A"]
[Site "Helsinki"]
[Date "2018.05.26"]
[Round "3"]
[White "Ertbjerg, Per"]
[Black "Ronka, Erik"]
[Result "0-1"]
[WhiteElo "1983"]
[BlackElo "2283"]
[PlyCount "64"]
[EventDate "2018.05.25"]
[EventType "swiss"]
[EventRounds "5"]
[EventCountry "FIN"]
[SourceTitle "EXT 2022"]
[Source "ChessBase"]
[SourceDate "2021.10.06"]
[SourceVersion "1"]
[SourceVersionDate "2021.10.06"]
[SourceQuality "1"]

1. d4 g6 2. c4 Bg7 3. Nc3 d6 4. Bg5 Nf6 5. e4 0-0 6. f4 c5 7. d5 b5 8. cxb5 a6 9. Nf3 Qa5 10. Qd2 axb5 11. e5 b4 12. Nd1 Ne4 13. Qe3 Nxg5 14. Nxg5 h6 15. Nf3 Nd7 16. Be2 Nb6 17. Qd2 e6 18. dxe6 Bxe6 19. exd6 c4 20. 0-0 Rfd8 21. Kh1 c3 22. bxc3 bxc3 23. Qc2 Rxd6 24. Ne5 Rd2 25. Qe4 Bf5 26. Qf3 Bxe5 27. fxe5 Qxe5 28. Re1 Nd5 29. Nf2 Raxa2 30. Rxa2 Rxa2 31. Nd3 Bxd3 32. Qxd3 Nf4 0-1

[Event "Helsinki Easter op"]
[Site "Helsinki"]
[Date "2018.03.30"]
[Round "1"]
[White "Lallukka, Taneli"]
[Black "Ertbjerg, Per"]
[Result "1-0"]
[WhiteElo "1860"]
[BlackElo "1958"]
[PlyCount "67"]
[EventDate "2018.03.30"]
[EventType "swiss"]
[EventRounds "6"]
[EventCountry "FIN"]
[SourceTitle "EXT 2019"]
[Source "ChessBase"]
[SourceDate "2018.10.10"]
[SourceVersion "1"]
[SourceVersionDate "2018.10.10"]
[SourceQuality "1"]

1. d4 Nf6 2. c4 e5 3. dxe5 Ne4 4. Nf3 Nc6 5. Qd5 Bb4+ 6. Nbd2 Nc5 7. e3 Ne7 8. Qd4 Nf5 9. Qf4 g6 10. Nd4 Ne6 11. Nxe6 fxe6 12. a3 Be7 13. Be2 0-0 14. 0-0 b6 15. Qe4 Rb8 16. Qd3 Bb7 17. Bf3 d5 18. cxd5 exd5 19. b4 Nh4 20. Bb2 Nxf3+ 21. Nxf3 c5 22. bxc5 bxc5 23. Rfd1 d4 24. Rab1 Bxf3 25. gxf3 Rxf3 26. Qc4+ Kg7 27. exd4 cxd4 28. Qxd4 Qc8 29. e6+ Bf6 30. Qxa7+ Rb7 31. Bxf6+ Kxf6 32. Qxb7 Qc3 33. e7 Kf7 34. Re1 1-0